000 00496nam a22002057a 4500
003 koha_MIRAKIL
005 20231213100233.0
008 231213b |||||||| |||| 00| 0 ||| d
020 _b979-9-75362958-3
040 _aTR-IsEVY
_btur
_cTR-IsEVY
082 _a823 SEW/S
100 _aSewell, Anna.
245 0 _aSiyah inci
250 _a6. bs.
260 _bTimaş Yayınları,
_c2010
300 _a95 s.
650 _aEnglish fiction.
650 _aİngiliz romanı.
942 _2ddc
_cBK
999 _c16755
_d16755